| 000 | 01990nam a2200553 i 4500 | ||
|---|---|---|---|
| 001 | 13228 | ||
| 003 | KOSZ 005 | ||
| 005 | 20220325132643.0 | ||
| 008 | 071127s1970 pl a f |000 0 pol | ||
| 015 | _aPB 1971/1266 | ||
| 035 | _a991038681179705066 | ||
| 035 | _a(PL-WaBN)b20354435-48omnis_nlop | ||
| 035 | _ab20354435 | ||
| 035 | _a(OCoLC)749835990 | ||
| 035 | _a(PL)b0000002035443 | ||
| 035 | _a(EXLNZ-48OMNIS_NETWORK)9910232512205606 | ||
| 040 |
_aWA N _cWA N _dKOSZ 005/HR |
||
| 046 | _k1970 | ||
| 080 | _a624.012.4 | ||
| 080 | _a625.7/.8 | ||
| 245 | 0 | 0 |
_aDrogi, lotniska, koleje, budowle podziemne / _cred. Eugeniusz Piliszek, Stanisław Serafin ; aut. Władysław Araszkiewicz [et al.] ; kier. zespołu aut. Stanisław Lenczewski ; [red. nauk. Jadwiga Wnykowicz] ; Polska Akademia Nauk. Komitet Inżynierii. |
| 260 |
_aWarszawa : _b"Arkady", _c1970. |
||
| 300 |
_a497, [1] s. : _bil., err. ; _c23 cm. |
||
| 336 |
_2rdacontent _aTekst _btxt |
||
| 337 |
_2rdamedia _aBez urządzenia pośredniczącego _bn |
||
| 338 |
_2rdacarrier _aWolumin _bnc |
||
| 380 | _aKsiążki | ||
| 380 | _aPublikacje fachowe | ||
| 388 | _a1901-2000 | ||
| 490 | 1 |
_aBudownictwo betonowe _vt. 15 |
|
| 504 | _aBibliogr. | ||
| 650 | 7 |
_aBudownictwo podziemne _2DBN |
|
| 650 | 7 | _aMateriały budowlane | |
| 650 | 7 |
_aDrogi _2DBN |
|
| 650 | 7 |
_aKolejnictwo _2DBN |
|
| 650 | 7 |
_aKonstrukcje betonowe _2DBN |
|
| 650 | 7 |
_aLotniska _2DBN |
|
| 658 | _aArchitektura i budownictwo | ||
| 658 | _aTransport i logistyka | ||
| 700 | 1 |
_aAraszkiewicz, Władysław _eAutor |
|
| 700 | 1 |
_aLenczewski, Stanisław _eOpracowanie |
|
| 700 | 1 |
_aPiliszek, Eugeniusz _c(budownictwo) _eRedakcja |
|
| 700 | 1 |
_aSerafin, Stanisław _eRedakcja |
|
| 700 | 1 |
_aWnykowicz, Jadwiga _eRedakcja |
|
| 710 | 2 |
_aWydawnictwo Arkady _4pbl |
|
| 830 | 0 |
_aBudownictwo betonowe _vt. 15 |
|
| 942 |
_2UKD _cKS |
||
| 999 |
_c13228 _d13228 |
||